000
00290nam a22001217a 4500
008
170613b xxu||||| |||| 00| 0 eng d
041
_a
eng
080
_a
327
100
_a
19
101
_a
SHP
245
_a
INTERNATIONAL POLITIVAL ANALYSIS READINGS
_c
EDWEARDS.D.V
942
_2
udc
_c
BK
999
_c
17124
_d
17124